Knives Out (2019): Cast by Picture - Statistics

General Stats
  • This quiz has been taken 30 times
  • The average score is 5 of 11
Answer Stats
Picture Hint Answer % Correct
Benoit Blanc Daniel Craig
97%
Ransom Drysdale Chris Evans
83%
Marta Cabrera Ana de Armas
76%
Linda Drysdale Jamie Lee Curtis
76%
Harlan Thrombey Christopher Plummer
48%
Walt Thrombey Michael Shannon
48%
Richard Drysdale Don Johnson
31%
Joni Thrombey Toni Collette
31%
Lieutenant Elliott LaKeith Stanfield
28%
Meg Thrombey Katherine Langford
21%
Jacob Thrombey Jaeden Martell
7%
No matching quizzes found
Score Distribution
Percent of People with Each Score
Percentile by Number Answered
Your Score History
You have not taken this quiz